000 00899nam a2200265Ia 4500
001 Para_10292
003 CHAP
008 220125sFebr xx 000 0 und d
010 _a208983
040 _cCHAP
090 _aPA CD - TESIS 322
100 _aBecerra Morales, Itzel
_9126962
245 _aUso de Micorrizas y composta para la reducción de enfermedades foliares del jitomate (Solanum lycopersicum Mill.) en Atlatlahucan, Morelos /
_c Itzel Becerra Morales; Director Santos Gerardo Leyva Mir
260 _aChapingo, Méx. :
_b el autor
300 _a1 CDS ROM (79 p.)
700 1 _aLeyva Mir, Santos Gerardo
_966581
710 _aUACh. Departamento Parasitología Agrícola
_9164025
901 _aPA CD - TESIS 322
902 _aM
905 _a513220Febrero, 2014 abnm8100000000 06
910 _aFebr
942 _cPARA
942 _cPARA
_d2
999 _c208983
_d208983